|
|
|
|
| LEADER |
00731nam a2200133Ia 4500 |
| 008 |
160114b xxu||||| |||| 00| 0 eng d |
| 100 |
|
|
|a Vineetha Davis V.
|
| 245 |
|
|
|a Learner's Perception of library and Information science education through distance mode:
|b A study based on the distance education students of Calicut University /
|c By Vineetha Davis V.
|
| 260 |
|
|
|a University of Calicut :
|b DLIS,
|c 2006.
|
| 300 |
|
|
|a 93 p.
|
| 653 |
|
|
|a Library and information science
|a Learners
|a Perception
|a Library and Information Science
|a Education
|a Distance mode
|a Distance education students
|a Calicut university
|
| 942 |
|
|
|c PD
|
| 999 |
|
|
|c 144664
|d 144664
|
| 952 |
|
|
|0 0
|1 0
|4 0
|7 1
|8 REF
|9 154034
|a LIS
|b LIS
|c REF
|d 2006-11-23
|i LISNB228
|p LISNB0228
|r 2016-07-26
|x 06.33
|y PD
|